The future of capitalism /

Bibliographic Details
Main Author: Sombart, Werner, 1863-1941
Format: Book
Language:English
Published: Berlin-Charlottenburg : Buchholz & Weisswange, 1932.
Subjects:

MARC

Tag First Indicator Second Indicator Subfields
LEADER 00000cam a2200000 i 4500
001 in00000058380
005 20151007082231.0
008 760913s1932 gw a 00010 eng d
010 |a  33017896  
035 |a (OCoLC)02427982 
035 |9 AAF7575AM 
040 |a GZE  |c GZE  |d TXA  |d UtOrBLW 
049 |a TXAM  |c [69314] 
090 |a HB501  |b .S772 1932 
092 |a 330.15  |b S693f 
100 1 |a Sombart, Werner,  |d 1863-1941. 
245 1 4 |a The future of capitalism /  |c by Werner Sombart. 
264 1 |a Berlin-Charlottenburg :  |b Buchholz & Weisswange,  |c 1932. 
300 |a 47 pages ;  |c 22 cm. 
336 |a text  |b txt  |2 rdacontent 
337 |a unmediated  |b n  |2 rdamedia 
338 |a volume  |b nc  |2 rdacarrier 
500 |a Photocopy. 
500 |a Based on a lecture delivered at the "Studiengesellschaft fur Geld- und Kreditwirtschaft" on February 29th, 1932. 
650 0 |a Economic policy. 
650 0 |a Capitalism. 
999 |a MARS 
999 f f |s 25757ab1-1bcc-3b00-9a00-0f3f63b2f019  |i ec913c44-f70c-3b56-8bd4-7dc48ceab6b8  |t 0 
952 f f |p ric  |a Texas A&M University  |b Rellis Campus  |c Joint Library Facility  |d Remote Storage  |t 0  |e HB501 .S772 1932  |h Library of Congress classification  |i unmediated -- volume  |m A14800693915 
998 f f |a HB501 .S772 1932  |t 0  |l Remote Storage